[Event "Ponts U14 Lleida-ch"]
[Site "Ponts"]
[Date "2013.02.16"]
[Round "4.5"]
[White "Pedros Villarte, Pau"]
[Black "Noria Bertran, Eric"]
[Result "0-1"]
[WhiteElo "1700"]
[BlackElo "1700"]
[PlyCount "66"]
[EventDate "2013.01.26"]
[EventType "swiss"]
[EventRounds "6"]
[EventCountry "ESP"]
[SourceTitle "EXT 2024"]
[Source "ChessBase"]
[SourceDate "2023.10.10"]
[SourceVersion "1"]
[SourceVersionDate "2023.10.10"]
[SourceQuality "1"]

1. e4 e5 2. Nc3 Nf6 3. d3 Bb4 4. g3 d6 5. Bg2 0-0 6. Nf3 Nc6 7. 0-0 Bd7 8. a3 Ba5 9. Bg5 h6 10. Bxf6 Qxf6 11. Nd5 Qd8 12. b4 Bb6 13. Nxb6 axb6 14. c3 Bg4 15. Qe1 Re8 16. d4 Bxf3 17. Bxf3 exd4 18. cxd4 Nxd4 19. Bh5 Nc2 20. Qc1 Nxa1 21. Qxa1 Rxe4 22. Bf3 Re7 23. Bxb7 Ra7 24. Bd5 c5 25. bxc5 dxc5 26. Rd1 Rad7 27. Bb3 Rxd1+ 28. Bxd1 b5 29. Bc2 Qd4 30. Qe1 Ra7 31. Be4 Rxa3 32. Bg2 Ra1 33. Qxa1 Qxa1+ 0-1

[Event "Lleida-ch U14"]
[Site "Vilanova de Segria"]
[Date "2012.01.21"]
[Round "2.5"]
[White "Noria Bertran, Eric"]
[Black "Sanuy Latorre, Ares"]
[Result "1-0"]
[WhiteElo "1700"]
[BlackElo "1700"]
[PlyCount "51"]
[EventDate "2012.01.14"]
[EventType "swiss"]
[EventRounds "6"]
[EventCountry "ESP"]
[SourceTitle "EXT 2024"]
[Source "ChessBase"]
[SourceDate "2023.10.10"]
[SourceVersion "1"]
[SourceVersionDate "2023.10.10"]
[SourceQuality "1"]

1. e4 d5 2. Nc3 Nf6 3. d4 dxe4 4. Bf4 Nc6 5. Bc4 Nxd4 6. Nge2 Nxe2 7. Qxd8+ Kxd8 8. Kxe2 Bg4+ 9. f3 exf3+ 10. gxf3 Bf5 11. Rad1+ Ke8 12. Bb5+ c6 13. Bc4 Bxc2 14. Rd2 Bf5 15. Rhd1 Nd7 16. Ne4 e5 17. Bg3 Bb4 18. Rd3 Nc5 19. Re3 b5 20. Nd6+ Ke7 21. Bxf7 Rhf8 22. Nxf5+ Kxf7 23. Rxe5 Kf6 24. Rd6+ Kg5 25. Nxg7+ Rf5 26. Rxf5# 1-0